Correspondencia comercial inglesa (Record no. 72430)

MARC details
000 -LEADER
campo de control de longitud fija 00604nam a2200205 i 4500
001 - NÚMERO DE CONTROL
campo de control 72430
003 - IDENTIFICADOR DE NÚMERO DE CONTROL
campo de control ES-MaACL
005 - FECHA Y HORA DE LA ÚLTIMA TRANSACCIÓN
campo de control 20230906171433.0
007 - CAMPO FIJO DE DESCRIPCIÓN FÍSICA--INFORMACIÓN GENERAL
campo de control de longitud fija t|
008 - DATOS DE LONGITUD FIJA--INFORMACIÓN GENERAL
campo de control de longitud fija 040901s1952 sp ||||1| spa d
100 1# - ENTRADA PRINCIPAL--NOMBRE DE PERSONA
Nombre de persona Girau, Lewis Th.
9 (RLIN) 57237
245 10 - MENCIÓN DEL TÍTULO
Título Correspondencia comercial inglesa
Resto del título : libro del maestro /
Mención de responsabilidad, etc. por Lewis Th. Girau.
250 ## - MENCION DE EDICION
Mención de edición 19ª ed.
260 ## - PUBLICACIÓN, DISTRIBUCIÓN, ETC.
Lugar de publicación, distribución, etc. Barcelona :
Nombre del editor, distribuidor, etc. [s.n.,
Fecha de publicación, distribución, etc. 1952] (
Fabricante Gráfs. Casulleras)
300 ## - DESCRIPCIÓN FÍSICA
Extensión 261 p. ;
Dimensiones 23 cm.
490 1# - MENCIÓN DE SERIE
Mención de serie Colección magister
830 0# - PUNTO DE ACCESO ADICIONAL DE SERIE-TÍTULO UNIFORME
Título uniforme Colección magister
9 (RLIN) 183360
852 ## - LOCALIZACIÓN
Ubicación ES-MaACL
Número de control de estantería D-7754
Sublocalización o colección R.32480
Holdings
Estatus retirado Estado de pérdida Estado de daño No para préstamo Biblioteca de origen Biblioteca actual Ubicación en estantería Fecha de adquisición Fuente de adquisición Total de préstamos Signatura topográfica completa Código de barras Visto por última vez Precio de reemplazo Tipo de ítem Koha
        Biblioteca del Ateneo de Madrid Biblioteca del Ateneo de Madrid Sala Valle Inclán 17/01/2008     D-7754 901075828 23/02/2023 23/02/2023 Libro impreso